| LEADER 00000nam 2200000uu 4500 |
| 001 210522 |
| 003 ULIBM |
| 008 020711s2557 th a 000 0 tha d |
| 020 978-616-279-430-8
|
| 060 WX 205 ก287 2557
|
| 245 กลยุทธ์การบริบาลผู้ป่วยนอก=^bAmbulatory medicine - The siphon of health care services/^cเด่นหล้า ปาลเดชพงศ์,บรรณาธิการ.
|
| 246 00 ^aAmbulatory medicine - The siphon of health care services
|
| 250 พิมพ์ครั้งที่ 1
|
| 260 กรุงเทพฯ :^bสาขาวิชาการบริบาลผู้ป่วยนอก ภาควิชาอายุรศาสตร์ คณะแพทยศาสตร์ศิริราชพยาบาล,^c2557
|
| 300 369 หน้า :^bภาพประกอบ ;^c21 ซม.
|
| 650 4 ผู้ป่วย^xการดูแล
|
| 650 4 ^aผู้ป่วยของโรงพยาบาล,การบริการ
|
| 650 4 ^aผู้ป่วย^xการบริบาล
|
| 700 0 ^aเด่นหล้า ปาลเดชพงศ์,^eบรรณาธิการ
|
| 710 2 ^aคณะแพทยศาสตร์ศิริราชพยาบาล. ภาควิชาอายุรศาสตร์. สาขาวิชาการบริบาลผู้ป่วยนอก.
|
| 999 ^aใช้งานได้ทุกระบบ
|